[Event "Astana"]
[Site "Astana"]
[Date "2001.05.29"]
[Round "8"]
[White "Shirov, Alexei"]
[Black "Kramnik, Vladimir"]
[Result "1/2-1/2"]
[WhiteElo "2722"]
[BlackElo "2797"]
[Annotator "Wedberg,T"]
[PlyCount "82"]
[EventDate "2001.05.20"]
[EventType "tourn"]
[EventRounds "10"]
[EventCountry "KAZ"]
[EventCategory "20"]
[SourceTitle "CBM 084"]
[Source "ChessBase"]
[SourceDate "2001.09.13"]
[SourceVersion "1"]
[SourceVersionDate "2001.09.13"]
[SourceQuality "1"]

1. e4 e5 2. Nf3 Nc6 3. Bb5 Nf6 4. O-O Nxe4 5. d4 Nd6 6. Bxc6 dxc6 7. dxe5 Nf5
8. Qxd8+ Kxd8 9. Nc3 Bd7 10. h3 h6 11. b3 Kc8 12. Bb2 b6 13. Rad1 Ne7 14. Ne2 (
14. Rd2 $5 c5 15. Rfd1 Be6 16. Ne2 g5 17. h4 g4 18. Nh2 h5 $13 {0-1 Anand,
V-Kramnik,V/Mainz 2001/CBM 84 (27)}) 14... Ng6 15. Ng3 $146 {[%cal Yg3h5][%mdl
8] A new try. The threat is Nh5 with a bind on Black's K-side.} (15. Ne1 h5 16.
Nd3 c5 17. c4 a5 18. a4 h4 19. Nc3 Be6 20. Nd5 Kb7 21. Ne3 Rh5 22. Bc3 Re8 23.
Rd2 Kc8 24. f4 Ne7 25. Nf2 Nf5 {1/2-1/2 Kasparov,G-Kramnik,V/London 2000/CBM
80/[Wedberg] (25)}) 15... Nf4 $1 (15... h5 $2 16. Ng5 Be7 (16... Be8 17. e6 $36
) 17. Nxf7 $1 Rf8 18. Rfe1 Nf4 (18... Be6 19. Nd6+ $18) 19. e6 Bxe6 20. Ne5 $36
{[%cal Ye5c6,Ye5g6,Ye1e6]}) 16. Nd4 (16. Rfe1 c5 17. Re4 Ne6 $13) 16... a5 17.
a4 b5 $5 18. Kh2 $6 {Odd move.} (18. Bc1 $5 Ne6 (18... Ng6 19. f4 $36) (18...
Nd5 19. Nxb5 $16) 19. Nxe6 Bxe6 20. f4 $36) 18... bxa4 $1 19. bxa4 Nd5 20. Rd3
{[%cal Yf2f4,Yf4f5,Ye5e6]} Nb6 $1 {Kramnik is making the most of his activity.
White would like to get in a few free moves like f4, f5 and e6, but there is
no time.} 21. Re1 (21. f4 $5) 21... Nxa4 22. Ba1 c5 23. e6 fxe6 24. Nxe6 Bd6 (
24... c4 $5 25. Rf3 Bb4 26. Re2 Bxe6 27. Rxe6 c3 $13 {[%csl Ra1]}) 25. Nxg7 (
25. Bxg7 Rg8 26. Bxh6 $2 Rg6 $19) 25... Rf8 $132 26. Kg1 c4 27. Rdd1 Bb4 28.
Re3 Ra6 29. Ne4 Rc6 30. Nh5 c3 31. Nhg3 Re6 32. Rde1 Rfe8 33. Nh5 Rf8 34. Nxc3
$4 (34. f4 Bc6 (34... Nc5 35. Nxc3 Rxe3 36. Rxe3 Ne6 37. Re4 $13) 35. g4 $13)
34... Rc6 $19 35. Nxa4 Bxe1 36. Rxe1 Rxc2 37. Bd4 Bxa4 38. Re5 Bd7 $2 (38...
Rd8 39. Be3 c5 40. Bxc5 Bc6 $19) 39. Rxa5 Rf5 40. Rxf5 Bxf5 41. Be3 Bg6 $15 (
41... Bg6 42. Nf6 h5 43. g4 hxg4 44. h4 $132) 1/2-1/2

[Event "Astana"]
[Site "Astana"]
[Date "2001.05.31"]
[Round "9"]
[White "Kramnik, Vladimir"]
[Black "Morozevich, Alexander"]
[Result "1/2-1/2"]
[WhiteElo "2797"]
[BlackElo "2749"]
[Annotator "Huebner,R"]
[PlyCount "45"]
[EventDate "2001.05.20"]
[EventType "tourn"]
[EventRounds "10"]
[EventCountry "KAZ"]
[EventCategory "20"]
[SourceTitle "CBM 084"]
[Source "ChessBase"]
[SourceDate "2001.09.13"]
[SourceVersion "1"]
[SourceVersionDate "2001.09.13"]
[SourceQuality "1"]

1. d4 d5 2. c4 c6 3. Nf3 Nf6 4. Nc3 dxc4 5. a4 Bf5 6. Ne5 Nbd7 7. Nxc4 Qc7 8.
g3 e5 9. dxe5 Nxe5 10. Bf4 Nfd7 11. Bg2 g5 12. Ne3 (12. Nxe5 gxf4 {1/2-1/2
Birjukov,S-Haimi,A/Lahti 1997/EXT 99 (12)}) ({Nach} 12. Bxe5 Nxe5 13. Qd4 f6 (
13... Nxc4 14. Qxh8 O-O-O {wurde laut Schachwoche 4/2000, S.12, von G.Kasparov
befürchtet, doch sehe ich nach} 15. Qf6 {keine ansprechende Fortsetzung für
Schwarz.}) 14. O-O Be7 {dürfte Weiß kaum Vorteil haben. Der Textzug gefällt
mir weit besser, weil Weiß den wichtigen weißfeldrigen Läufer des Gegners
eliminiert.}) 12... gxf4 13. Nxf5 O-O-O 14. Qc2 Nc5 {Dies ist eine Neuerung
gegenüber der berühmten Partie Kasparov-Morozevich, Wijk aan Zee 2000, in der
14...Sg4 geschah. Der Textzug ist stärker und dürfte zum Ausgleich genügend
sein. Zur Erinnerung sei die Fortsetzung der genannten Partie
Kasparov-Morozevich mit einigen Anmerkungen wiedergegeben:} (14... Ng4 15. a5
fxg3 (15... a6 16. Ra4 h5 17. Rxf4 Qxa5 18. O-O {mit Vorteil für Weiß.}) (15...
Bc5 16. O-O (16. Ne4 Bb4+ {ist weniger überzeugend.}) 16... fxg3 17. hxg3 a6 (
17... Bxf2+ 18. Rxf2 Nxf2 19. Kxf2 {ist nicht genügend für Schwarz; der
Springer auf f5 steht zu stark.}) 18. Ne4 Bf8 19. Rfd1 {mit Vorteil für Weiß.})
16. hxg3 a6 17. Ra4 Ndf6 18. Ne4 Nxe4 ({Bessere Möglichkeiten, die Nachteile
der Bauernstruktur durch dynamisches Figurenspiel auszugleichen, bot meines
Erachtens die Fortsetzung} 18... Nd5 19. Bh3 Ne5 20. Nc5 Kb8) 19. Bxe4 h5 20.
Kf1 Kb8 21. Kg2 Be7 22. Nxe7 Qxe7 23. Bf3 Ne5 ({Die Fortsetzungen} 23... Qg5
24. Rb4 {oder}) (23... Qe6 24. Qc3 ({Ungenügend ist die Fortsetzung} 24. Rxh5
Rxh5 25. Bxg4 Qd5+ 26. Bf3 Qf5) 24... f6 25. Rd4 {bewahren den Schwarzen auf
die Dauer auch nicht vor Bauernverlust. Seine Stellung ist strategisch
verloren.}) 24. Bxh5 $18 {1-0 Kasparov,G-Morozevich,A/Wijk aan Zee 2000/CBM 75/
[Huebner,R] (45). (45)}) (14... Bb4 {gefällt mir besser. Auf} 15. gxf4 {folgt}
Nc4 16. Qb3 (16. e3 Nc5 {überläßt dem Schwarzen eine beachtliche Initiative.})
16... Bxc3+ 17. Qxc3 Qxf4 {mit genügendem Gegenspiel für Schwarz.}) 15. O-O ({
Auf} 15. gxf4 {folgt} Nc4 {mit starkem Gegenspiel.}) (15. b4 f3 {ist ebenfalls
nicht besonders attraktiv für Weiß.}) 15... Ne6 16. Rad1 Bc5 (16... Bb4 {
ist weniger genau:} 17. Na2 {, und auf} Bc5 {folgt} 18. b4) 17. Ne4 Bb4 {
Schwarz hat seine Figuren harmonisch und aktiv aufgestellt. Seine
Bauernstruktur am Königsflügel ist zwar zerrissen; dafür hat Weiß Löcher am
Damenflügel. Ich habe zwar das Gefühl, daß Weiß doch eine Kleinigkeit besser
stehen sollte; aber er gibt sich alsbald mit remis zufrieden.} 18. Qc1 fxg3 19.
hxg3 Rxd1 20. Rxd1 Rd8 21. Bh3 Kb8 22. Kg2 a5 23. b3 1/2-1/2

[Event "Mainz CC Champions Duel"]
[Site "Mainz"]
[Date "2001.06.26"]
[Round "1"]
[White "Kramnik, Vladimir"]
[Black "Anand, Viswanathan"]
[Result "1/2-1/2"]
[WhiteElo "2797"]
[BlackElo "2794"]
[Annotator "Huzman,A"]
[PlyCount "68"]
[EventDate "2001.06.26"]
[EventType "match (rapid)"]
[EventRounds "10"]
[EventCountry "GER"]
[SourceTitle "CBM 084"]
[Source "ChessBase"]
[SourceDate "2001.09.13"]
[SourceVersion "1"]
[SourceVersionDate "2001.09.13"]
[SourceQuality "1"]

1. d4 (1. c4 Nf6 2. Nc3 e6 3. d4 Bb4 4. e3 O-O 5. Bd3 d5 6. Nf3 c5 7. O-O dxc4
8. Bxc4 cxd4 9. exd4 a6 10. a4 Nc6 11. Bg5 Be7 12. Re1 Bd7 13. Qe2 Re8 14. Rad1
Nd5 15. Bd2 Bf6 16. Qe4 Nxc3 17. Bxc3 Qc7 18. Ne5 Nxe5 19. dxe5 Be7 20. Rd3
Bxa4 21. Rh3 g6 22. Bxe6 fxe6 23. Qxa4 Bc5 24. Bd4 Rf8 25. Bxc5 {1/2-1/2
Speelman,J-Schlosser,P/Lippstadt GER 2000 (25)}) 1... d5 2. c4 dxc4 3. Nf3 e6
4. e3 Nf6 5. Bxc4 c5 6. O-O a6 7. a4 cxd4 8. exd4 Nc6 9. Nc3 Be7 10. Bg5 O-O
11. Re1 Bd7 (11... b6 12. d5 $36) 12. Qe2 Re8 (12... Nb4 $5) 13. Rad1 Nd5 (
13... h6 14. Bc1 Na5 15. Bd3 Bb4 16. Bc2 Rc8 17. Qd3 Bc6 18. Ne5 Bd5 19. Re3
Bb3 20. Rg3 Bxc2 21. Bxh6 Nh5 22. Qf3 Kh7 23. Qxh5 g6 24. Qf3 f6 25. Ne4 Be7
26. Rxg6 Rg8 27. Ng5+ {1-0 Stanojevic,B-Govedarica,R/Novi Sad 1988/EXT 97 (27)}
) (13... Nb4 14. Ne5 Qc7 15. Qf3 Bc6 16. Qh3 Bd5 17. Nxd5 exd5 18. Bb3 Qb6 19.
Rc1 Nc6 20. Bc2 h6 21. Bf4 {1-0 Demkovich,A-Le Thi Phuong Lien/Budapest 1997/
CBM 59 ext (21)}) 14. Bd2 (14. Bxd5 exd5 15. Bxe7 Rxe7 $11 {Bertok - Keres,
Leipzig (ol) 1960}) 14... Bf6 (14... Ncb4 15. Ne5 $14) (14... Nxc3 15. Bxc3 Na5
16. d5 $1 Nxc4 17. Qxc4 $36) 15. Ne4 Nxd4 (15... Bxd4 $2 16. Bg5 Qb6 17. a5 $1
Qa7 18. Nd6 Rf8 19. Nxd4 Nxd4 20. Qg4 $1 $18) 16. Nxd4 Bxd4 17. Bg5 (17. Nd6
Rf8 $1 18. Nxb7 Qc7 $17) (17. Qd3 $5 Qb6 18. a5 Qa7 19. Bc1 $44 {[%csl Ra7]})
17... Qb6 18. a5 Qa7 19. Nd6 Rf8 (19... Bc6 $2 20. Nxe8 Rxe8 21. Bxd5 $1 Bxd5
22. Qd2 $18) (19... Reb8 $2 20. Qf3 Nf6 21. Bxf6 Bxf6 22. Nxf7 $18) 20. Bxd5
exd5 21. Be7 Be6 $1 (21... Rfb8 22. Qd2 (22. Nxf7 Bxf2+ 23. Qxf2 Qxf2+ 24. Kxf2
Kxf7 25. Rxd5 $11) 22... Bc5 23. b4 (23. Nxf7 Bxf2+ 24. Qxf2 Qxf2+ 25. Kxf2
Kxf7 26. Rxd5 $11) 23... Bxd6 24. Bxd6 Re8 25. Bc5 Qb8 $11) 22. Qf3 (22. Bxf8
Rxf8 23. Qf3 Bxb2 $44) 22... Bxb2 (22... Rfb8 23. Rxe6 fxe6 24. Qf7+ Kh8 25.
Qxe6 $36) 23. Rb1 (23. Bxf8 Rxf8 24. Rxe6 fxe6 25. Qe2 Be5 $1 $19) (23. Rxe6
fxe6 24. Qe2 Be5 $1 $19) 23... Qd4 (23... Bd4 24. Rxb7 (24. Bxf8 Rxf8 25. Nxb7
$14) 24... Qc5 $132) 24. Bxf8 (24. Rxe6 $5 fxe6 25. Qe2 Qe5 26. Rxb2 Qxe2 27.
Rxe2 Rf4 28. g3 Ra4 $132) 24... Rxf8 25. Nxb7 Bc3 26. Re3 $2 (26. Rec1 $1 Bd2 (
26... Bb4 27. Qe2 (27. h3 $16) (27. Rc6 $16) 27... Ra8 28. Rc6 $16) 27. Rd1 $16
) 26... Bg4 $1 27. Qg3 Bf5 28. Rf1 Bd2 $44 29. Nd6 Bg6 $15 30. Rf3 (30. Re8 $5)
30... Bxa5 31. h4 $6 (31. Nf5 Qe4 32. Nd6 $11) 31... Bc7 32. Nf5 (32. Rc1 Qb6 (
32... Bb8 $5 33. Rc6 a5 34. Rfc3) 33. Rb3 $11) 32... Bxg3 33. Nxd4 Bxh4 34. Ra3
Bf6 (34... Be7 $142 35. Ra4 (35. Rxa6 Bd3 36. Ra5 Bxf1 37. Kxf1 $15) 35... Bd3
$17) (34... Bf6 35. Rd1 Ra8 36. Nc6 $15) 1/2-1/2

[Event "Mainz CC Champions Duel"]
[Site "Mainz"]
[Date "2001.06.27"]
[Round "3"]
[White "Anand, Viswanathan"]
[Black "Kramnik, Vladimir"]
[Result "0-1"]
[WhiteElo "2794"]
[BlackElo "2797"]
[Annotator "Atlas,V"]
[PlyCount "54"]
[EventDate "2001.06.26"]
[EventType "match (rapid)"]
[EventRounds "10"]
[EventCountry "GER"]
[SourceTitle "CBM 084"]
[Source "ChessBase"]
[SourceDate "2001.09.13"]
[SourceVersion "1"]
[SourceVersionDate "2001.09.13"]
[SourceQuality "1"]

1. e4 e5 2. Nf3 Nc6 3. Bb5 Nf6 4. O-O Nxe4 5. d4 Nd6 6. Bxc6 dxc6 7. dxe5 Nf5
8. Qxd8+ Kxd8 9. Nc3 h6 10. h3 Bd7 11. b3 Kc8 12. Bb2 b6 13. Rad1 Ne7 14. Rd2
c5 15. Rfd1 Be6 16. Ne2 g5 17. h4 g4 18. Nh2 h5 19. Rd8+ Kb7 20. Rxa8 Kxa8 21.
Rd8+ Kb7 22. Nf4 Ng6 23. g3 c4 24. bxc4 $2 {A decisive mistake, allowing Black
to conclude the game in style:} Nxf4 $1 25. gxf4 {[%tqu "En","White's pieces
are poorly coordinated. How can Black exploit it?","Use the shaky position of
the enemy rook.","Try to disclose the white king.","g4g3","This pawn thrust
spells a quick end for White.",6]} g3 $1 {[%csl Rd8,Rf2,Rg1,Rh2][%cal Gf8c5,
Gh8d8]} 26. Nf1 (26. fxg3 Bc5+ 27. Rd4 Bxd4+ 28. Bxd4 Rd8 {is hopeless for
White.}) 26... gxf2+ 27. Kh2 ({If} 27. Kxf2 {then} Bc5+ {winning.}) (27. Kg2 {
fails to} Rg8+ 28. Kf3 Bg4+ 29. Kg2 Bd1+ 30. Kxf2 Bc5+) 27... Bxc4 0-1

[Event "Mainz CC Champions Duel"]
[Site "Mainz"]
[Date "2001.06.27"]
[Round "4"]
[White "Kramnik, Vladimir"]
[Black "Anand, Viswanathan"]
[Result "1/2-1/2"]
[WhiteElo "2797"]
[BlackElo "2794"]
[Annotator "Huzman,A"]
[PlyCount "50"]
[EventDate "2001.06.26"]
[EventType "match (rapid)"]
[EventRounds "10"]
[EventCountry "GER"]
[SourceTitle "CBM 084"]
[Source "ChessBase"]
[SourceDate "2001.09.13"]
[SourceVersion "1"]
[SourceVersionDate "2001.09.13"]
[SourceQuality "1"]

1. d4 d5 2. c4 dxc4 3. Nf3 a6 4. e3 Nf6 5. Bxc4 e6 6. O-O c5 7. Bb3 Nc6 8. Nc3
cxd4 9. exd4 Be7 10. Bg5 O-O 11. Qd2 h6 (11... Nb4 12. Ne5 h6 13. Bh4 Nbd5 14.
Bxf6 Nxf6 15. Rad1 Qc7 16. f4 Rd8 17. Qe3 b5 18. f5 Qb6 19. fxe6 Bxe6 20. Ng6
Ra7 $15 {0-1 Colas,J-Sansas,A/FRA-ch21 corr 1956/Corr 2000 (37)}) (11... Na5
12. Bc2 b5 13. Qf4 Bb7 14. Rad1 g6 15. Bh6 Nh5 16. Qg4 f5 17. Qh3 Rc8 18. d5 $1
$16 {1-0 Tkachiev,V-Lesiege,A/New Delhi/Theran 2000/CBM 81/[Huzman] (39)}) 12.
Bf4 (12. Bxf6 Bxf6 13. Rad1 Na5 14. Bc2 b5 15. b3 Bb7 16. Ne4 Rc8 17. Bb1 Bxe4
18. Bxe4 Nc6 19. Rfe1 Ne7 20. Bb1 Nd5 21. Qd3 g6 $17 {1/2-1/2 Gelfand,B-Shirov,
A/New Delhi IND 2000/ (72)}) (12. Bxh6 gxh6 13. Qxh6 Re8 14. Qg5+ Kh8 15. Qh6+
Kg8 $11 (15... Nh7 16. d5 exd5 17. Bxd5 $44)) 12... Re8 13. Rad1 (13. d5 exd5
14. Nxd5 Nxd5 15. Bxd5 Bb4 $11) 13... Bf8 (13... Na5 $5 14. Bc2 Nc4 15. Qc1 (
15. Qe2 b5) 15... b5 16. Ne5 Bb7 $132) 14. Ne5 Ne7 15. Qd3 $1 Ned5 16. Bc1 (16.
Nxd5 Nxd5 17. Bc2 f5 18. Bd2 $14) 16... b5 17. Qg3 Bb7 $1 (17... Nh5 18. Qf3
Nhf6 19. Ne4 $36) 18. Bxh6 (18. Nxd5 Bxd5 19. Bxh6 Ne4 20. Qg4 Nf6 21. Qg5 Bxb3
22. axb3 Kh7 23. Bxg7 Bxg7 24. Rd3 Bh6 25. Rh3 Ng8 $17) 18... Nxc3 19. bxc3 Ne4
20. Qg4 Nf6 (20... Nxc3 21. Rd3 Ne4 (21... Rc8 22. Bg5 $16) 22. Rh3 (22. Rf3
Nf6 (22... Nd6 23. Rh3 $40) 23. Rxf6 Qxf6 24. Bg5 Qf5 25. Qxf5 exf5 26. Bxf7+
Kh7 27. Rb1 {[%cal Gb1b3,Gb3h3]} Be7 28. Bxe8 Rxe8 29. Bxe7 Rxe7 $44) 22...
Qxd4 (22... Nf6 23. Qh4 gxh6 24. Rg3+ Bg7 25. Qxh6 Nh5 26. Qxh5 $18) 23. Qh5 (
23. Bf4 Nxf2 24. Rxf2 Bc5 25. Rh8+ (25. Re3 Qa1+ 26. Qd1 Qxd1+ 27. Bxd1 $11)
25... Kxh8 26. Qh5+ Kg8 27. Qxf7+ $11) 23... g6 24. Nxg6 Bxh6 25. Qxh6 Qg7 $11)
21. Qg5 Qe7 $1 (21... Ne4 22. Qh5 $16) 22. Rd3 Ne4 23. Qg4 (23. Qxe7 Rxe7 24.
Bc1 Rc7 25. Bb2 Rac8 26. Rc1 Bd6 27. f3 Nf6 $44) 23... Nf6 24. Qg5 (24. Qh3
gxh6 25. Rg3+ Kh8 26. Rg6 Be4 $1 $19) (24. Qh4 $1 gxh6 25. Rg3+ Kh8 26. Bc2 Bg7
27. Bg6 $1 Rf8 28. Bxf7 $1 Be4 $1 29. Re1 (29. Bg6 Qb7) 29... Bh7 30. Bxe6 $44)
(24. Qf4 gxh6 25. Rg3+ Kh8 26. Bc2 Bg7 27. Bg6 Rf8 28. Bxf7 Be4 29. Re1 Bh7 30.
Bxe6 Nh5 $1 31. Nf7+ Rxf7 32. Qxf7 Qxf7 33. Bxf7 Nxg3 34. hxg3 Rc8 $15) 24...
Ne4 25. Qg4 Nf6 1/2-1/2

[Event "Mainz CC Champions Duel"]
[Site "Mainz"]
[Date "2001.06.29"]
[Round "5"]
[White "Kramnik, Vladimir"]
[Black "Anand, Viswanathan"]
[Result "0-1"]
[WhiteElo "2797"]
[BlackElo "2794"]
[Annotator "Huzman,A"]
[PlyCount "94"]
[EventDate "2001.06.26"]
[EventType "match (rapid)"]
[EventRounds "10"]
[EventCountry "GER"]
[SourceTitle "CBM 084"]
[Source "ChessBase"]
[SourceDate "2001.09.13"]
[SourceVersion "1"]
[SourceVersionDate "2001.09.13"]
[SourceQuality "1"]

1. d4 d5 2. c4 dxc4 3. Nf3 e6 4. e3 Nf6 5. Bxc4 c5 6. O-O a6 7. Bb3 Nbd7 8. Qe2
b5 9. a4 Bb7 10. axb5 axb5 11. Rxa8 Qxa8 12. Nc3 b4 13. Nb5 Qb8 14. e4 cxd4 (
14... Bxe4 15. Ng5 Bd5 (15... Be7 16. Nxe4 Nxe4 17. d5 $44) 16. Bxd5 Nxd5 17.
Nxe6 (17. Re1 Qb6) 17... fxe6 18. Qxe6+ Kd8 (18... Be7 19. Qxd5 Qxb5 20. Re1
$40) 19. Qxd5 Qxb5 20. Bg5+ Kc7 21. Ra1 $40) (14... Nxe4 15. Ng5 Bc6 16. d5 $1
Bxb5 17. Qxe4 Nf6 18. Qe3 Bxf1 19. Nxf7 Qxh2+ 20. Kxh2 Ng4+ 21. Kg1 Nxe3 22.
Nxh8 $16 {1-0 Jussupow,A-Polgar,J/Moscow 1994}) 15. Nbxd4 Bd6 (15... Nc5 $2 16.
Bc4 Be7 17. Bb5+ Nfd7 18. Rd1 $16 {Huebner-Georgiev,Kir Moskva 1994}) 16. Bxe6
(16. Rd1 O-O 17. Nxe6 fxe6 18. Bxe6+ Kh8 19. Qd3 (19. Bxd7 Nxd7 20. Qd3 Rf6 {
Huebner}) 19... Nxe4 20. Bxd7 Bxh2+ 21. Nxh2 Nxf2 22. Qd6 Nxd1 23. Qxd1 Rd8 24.
Bg5 Rxd7 25. Qxd7 Qa7+ {0-1, Sutter-Raetzky (Biel 1995)}) 16... fxe6 17. Nxe6
h6 (17... Ne5 18. Nxe5 Bxe5 19. f4 Qa7+ 20. Be3 Ba6 21. Ra1 $16 {Uhlmann,
W-Balcerowski,W/Bad Liebenstein 1963 (21)}) (17... g6 18. Re1 $1 (18. e5 Bxe5
19. Nfg5 Bxh2+ 20. Kh1 Be5 21. f4 h6 22. Nh3 Bd6 23. Nc5+ Kf8 24. Nxd7+ Nxd7
25. Qe6 Rh7 26. f5 g5 27. Rd1 Be5 28. Rxd7 Rxd7 29. Qxd7 Qc8 30. Qd2 Qc6 $44 {
1/2-1/2 Nechaev,A-Zakharchenko,A/Yalta 1996/EXT 98 (44)}) (18. Bh6 Ke7 19. Neg5
Rc8 20. Bg7 Rc5 21. Qd3 Bxh2+ 22. Nxh2 Rxg5 23. Re1 Kf7 24. Nf3 Rxg2+ 25. Kxg2
Kxg7 $17 {0-1 Campos Moreno,J-Adianto,U/Moscow 1994/CBM 44 ext (36)}) (18. Qc4
Qc8 19. Ng7+ Kf8 20. Qe6 Kxg7 21. Qxd6 Qc5 22. Qf4 Re8 23. Be3 Qe7 24. Re1 Qxe4
25. Qd6 Qd5 26. Qxb4 Ne5 27. Rc1 Kg8 28. Qf4 Nd3 {0-1 Campos Moreno,J-Magem
Badals,J/Barbera del Valles 1995/EXT 97 (28)}) 18... h6 19. Qc4 Ng4 20. e5 $1
Ngxe5 21. Nxe5 Nxe5 22. Nc5 Bc8 23. Qd4 O-O 24. Bxh6 Re8 25. Ne4 Rd8 26. Qd5+
Kh7 27. Bf4 Bb7 28. Ng5+ Kh6 29. Qe6 {1-0 Frieditis,G-Pohla,H/corr URS-1chT 
(FS-67/156) 1967 (29)}) 18. Nxg7+ (18. Qc4 Bxe4 19. Nxg7+ Kf8 20. Ne6+ Kg8 $17)
(18. Re1 Bxe4 (18... Kf7 19. Qc4 Kg6 20. Qd3 (20. e5 Bxe5 21. Nxe5+ Nxe5 22.
Nf4+ Kh7 23. Qc2+ Be4 24. Rxe4 Nxe4 25. Qxe4+ g6 $15) 20... Ne5 $17) 19. Nd2 (
19. Qc4 Nb6 20. Nxg7+ Kf8 21. Qd4 (21. Ne6+ Ke7 22. Qb3 Qg8 $19) 21... Kxg7 22.
Rxe4 Rd8 $17) 19... Bd5 $1 $17) (18. e5 Bxf3 19. Qxf3 Nxe5 $17) 18... Kf7 19.
Nf5 Bxe4 20. Nxh6+ (20. Nxd6+ Qxd6 21. Rd1 Qc5 $17) (20. Qc4+ Bd5 $17) 20...
Kg7 21. h3 {'?' Tischb.. '?' Jussupow,Kindermann. Jussupow,Kindermann: ein nur
durch Nervositaet zu erklaerender Fehlgriff, der Schwarz in Vorteil bringt.} (
21. Qd2 $142 Rh7 {[%cal Yg7h8]} (21... Kf8 22. Rd1 Bc7 23. Ng4 Bxf3 24. gxf3
Bxh2+ 25. Kg2 Be5 $17) (21... Bxf3 22. Nf5+ (22. Qxd6 Qxd6 23. Nf5+ Kh7 24.
Nxd6 Rg8 $17 (24... Rg8 {Jussupow,Kindermann} 25. g3 $17)) 22... Kg6 {'!?'
Jussupow,Kindermann.} (22... Kf8 $1) (22... Kf8 {Jussupow,Kindermann} 23. Qxd6+
Qxd6 24. Nxd6 Rg8 25. Bh6+ Ke7 26. Nf5+ $44) 23. Qg5+ (23. Nxd6 Ne4) 23... Kf7
24. Qg7+ Ke6 25. Re1+ {'~~' Jussupow,Kindermann.} (25. Nxd6 Qg8 $17) (25. Nd4+
{Jussupow,Kindermann} Kd5 26. Nxf3 Bxh2+ 27. Kh1 $13) 25... Be5 (25... Kd5 $13
{Jussupow,Kindermann}) 26. Nd4+ Kd5 27. Nxf3 Bxh2+ 28. Kf1 $13) 22. h3 Bxf3 (
22... Kh8 23. Ng5 $1) 23. Nf5+ (23. gxf3 Kh8 $17) 23... Kh8 24. Qxd6 (24. Nxd6
Bxg2 $1 25. Kxg2 Qg8+ 26. Kf3 (26. Qg5 Rg7) 26... Qb3+ 27. Kf4 (27. Ke2 Re7+) (
27. Qe3 Rxh3+) 27... Rh4+ 28. Kg5 Qxh3 $19) 24... Qxd6 (24... Qg8 25. Ng3 (25.
Qg3 Qxg3 26. fxg3 $15) 25... Qd5 26. Qxd5 Bxd5 27. Bd2 b3 28. Bc3 $11) 25. Nxd6
Rg7 26. g3 Rh7 27. h4 Re7 $36) 21... Rxh6 22. Bxh6+ Kxh6 $17 23. Rd1 Bxf3 24.
Qxf3 Be5 25. Qe3+ Kg7 26. Qg5+ Kf7 27. Qf5 Nf8 28. b3 (28. g4 $5 Bh2+ 29. Kh1
Qe5 $17) 28... Bc3 29. g3 (29. g4 Qe5 $19) 29... Qe5 30. Qxe5 Bxe5 31. f4 Bc3
32. Kg2 (32. g4 $5 Ne4 33. Kf1 Nd2+ 34. Ke2 Nxb3 35. Kd3 Nc5+ 36. Kc4 Ne4 37.
f5) 32... Ne4 (32... N8d7 $5 33. g4 Nc5 34. g5 Nfe4 $19) 33. g4 Nd2 $19 34. f5
(34. Kf2 Nxb3 35. Ke3 Nc5 $19) 34... Nxb3 35. g5 Nc5 (35... Nd2 36. Rc1 Kg8 $19
{[%cal Yb4b2]}) 36. Kf3 b3 37. h4 b2 38. h5 Bd2 39. Rb1 (39. g6+ Kg7 40. Rb1
Bc1 41. Ke2 Ne4 42. Kd3 Nd2) 39... Bc1 40. Ke2 (40. h6 Na4 41. g6+ Nxg6 42.
fxg6+ Kxg6 $19) 40... Nb3 41. Kd3 Nd2 42. Rxb2 Bxb2 43. Kxd2 Kg7 44. Kd3 Bc1
45. g6 Nd7 46. Ke4 Nf6+ 47. Ke5 Nxh5 0-1